Feet / (Record no. 9214)

MARC details
000 -LEADER
fixed length control field 00748nam a22002657a 4500
001 - CONTROL NUMBER
control field 9214
003 - CONTROL NUMBER IDENTIFIER
control field FISKH
005 - DATE AND TIME OF LATEST TRANSACTION
control field 20251202153530.0
008 - FIXED-LENGTH DATA ELEMENTS--GENERAL INFORMATION
fixed length control field 251202b cb ||||| |||| 00| 0 eng d
020 ## - INTERNATIONAL STANDARD BOOK NUMBER
International Standard Book Number 9780822539124
040 ## - CATALOGING SOURCE
Original cataloging agency FISKH
Language of cataloging eng
Transcribing agency FISKH
Modifying agency FISKH
050 ## - LIBRARY OF CONGRESS CALL NUMBER
Classification number QL950.M58
082 ## - DEWEY DECIMAL CLASSIFICATION NUMBER
Classification number 591.479
100 ## - MAIN ENTRY--PERSONAL NAME
Personal name Mitchell, Melanie
245 ## - TITLE STATEMENT
Title Feet /
Statement of responsibility, etc. by Melanie Mitchell
260 ## - PUBLICATION, DISTRIBUTION, ETC.
Place of publication, distribution, etc. Minneapolis :
Name of publisher, distributor, etc. Lerner Publications,
Date of publication, distribution, etc. 2004.
300 ## - PHYSICAL DESCRIPTION
Extent 8 pages :
Other physical details color illustrations ;
Dimensions 18 cm
505 ## - FORMATTED CONTENTS NOTE
Formatted contents note a<br/>
520 ## - SUMMARY, ETC.
Summary, etc. Provides a simple introduction to feet for animals and people.
521 8# - TARGET AUDIENCE NOTE
Target audience note 10<br/>
Source Lexile estimate<br/>
521 8# - TARGET AUDIENCE NOTE
Target audience note a<br/>
Source Raz-Plus<br/>
650 ## - SUBJECT ADDED ENTRY--TOPICAL TERM
Topical term or geographic name entry element Animals
General subdivision Informational
942 ## - ADDED ENTRY ELEMENTS (KOHA)
Source of classification or shelving scheme Dewey Decimal Classification
Koha item type Books
Suppress in OPAC No
Holdings
Withdrawn status Lost status Source of classification or shelving scheme Damaged status Not for loan Collection Home library Current library Shelving location Date acquired Total Checkouts Full call number Barcode Date due Date last seen Date last checked out Copy number Price effective from Koha item type
    Dewey Decimal Classification     Non-Fiction Footprints International School Library Network Toul Tom Poung Campus Footprints International School Library Network Toul Kork Campus TTP Primary Green Bookshelves 12/02/2025 1 MIT 591.479 QL950.M58 FIS03259 02/11/2026 01/28/2026 01/28/2026 1 12/02/2025 Books